Le XVIIIe siècle (notice n° 2197919)

détails MARC
000 -LEADER
fixed length control field 01575cam a2200133 4500500
005 - DATE AND TIME OF LATEST TRANSACTION
control field 20260405085459.0
041 ## - LANGUAGE CODE
Language code of text/sound track or separate title fre
042 ## - AUTHENTICATION CODE
Authentication code dc
100 10 - MAIN ENTRY--PERSONAL NAME
Personal name Hélie, Jérôme
Relator term author
245 00 - TITLE STATEMENT
Title Le XVIIIe siècle
260 ## - PUBLICATION, DISTRIBUTION, ETC.
Name of publisher, distributor, etc. Armand Colin,<br/>
Date of publication, distribution, etc. 2021.<br/>
520 ## - SUMMARY, ETC.
Summary, etc. Le XVIIIe siècle, trop souvent réduit à l’expression de «  siècle des Lumières  », est finalement mal connu. Ce livre souhaite avant tout éclairer cette période et en montrer toutes les caractéristiques, dans une vision globale. En effet, s’il s’inscrit essentiellement dans un espace européen, l’ouvrage s’ouvre sur les autres mondes  : Chine des Qing, Inde des Moghols, Afrique ou terres d’Islam. Cette période, riche en circulations et en échanges de toute sorte, marquée par de nombreux conflits à l’échelle internationale s’inscrit en effet pleinement dans le courant de l’«  histoire connectée  ».Commençant dès 1700, l’ouvrage resitue la période dans le prolongement d’un XVIIe siècle finissant, marqué par les guerres de Louis XIV, les révolutions scientifiques et intellectuelles ou la seconde Révolution d’Angleterre. Il se ferme sur la date symbolique de 1789, qui ouvre un autre, et majeur, pan de l’histoire. Par son approche politique et géo-politique, économique autant que culturelle, ce volume donne à voir et à comprendre ce que fut véritablement ce siècle charnière dans l’histoire de l’Europe et du monde. 
856 41 - ELECTRONIC LOCATION AND ACCESS
Uniform Resource Identifier <a href="https://shs.cairn.info/le-xviiie-siecle--9782200628482?lang=fr&redirect-ssocas=7080">https://shs.cairn.info/le-xviiie-siecle--9782200628482?lang=fr&redirect-ssocas=7080</a>

Pas d'exemplaire disponible.

PLUDOC

PLUDOC est la plateforme unique et centralisée de gestion des bibliothèques physiques et numériques de Guinée administré par le CEDUST. Elle est la plus grande base de données de ressources documentaires pour les Étudiants, Enseignants chercheurs et Chercheurs de Guinée.

Adresse

627 919 101/664 919 101

25 boulevard du commerce
Kaloum, Conakry, Guinée

Réseaux sociaux

Powered by Netsen Group @ 2025